[Event "25th North American Open"]
[Site "Las Vegas"]
[Date "2015.12.28"]
[Round "6"]
[White "Rowe, Duane"]
[Black "Matikozyan, Andranik"]
[Result "1-0"]
[WhiteElo "2196"]
[BlackElo "2427"]
[PlyCount "85"]
[EventDate "2015.12.??"]
[EventType "swiss"]
[EventRounds "9"]
[EventCountry "USA"]
[Source "MonRoi"]

1. e4 c5 2. d4 cxd4 3. c3 d3 4. Bxd3 d6 5. c4 Nf6 6. Nc3 a6 7. Nf3 e6 8. O-O
Nbd7 9. Qe2 b6 10. h3 Bb7 11. Rd1 Qc7 12. Bf4 Ne5 13. Rac1 Be7 14. b3 h6 15.
Bb1 g5 16. Be3 Rg8 17. Nxe5 dxe5 18. Na4 g4 19. hxg4 Nxg4 20. Bxb6 Qc6 21. c5
Nf6 22. Nc3 Nd7 23. Rxd7 Qxd7 24. Rd1 Qc6 25. b4 Kf8 26. Bc2 Qe8 27. Bb3 Bd8
28. Ba4 Qe7 29. Rd7 Qg5 30. Qf3 Rg7 31. Rxb7 Qc1+ 32. Nd1 Qd2 33. Bxd8 Rxd8 34.
Bb3 Rd3 35. Ne3 Kg8 36. c6 Qc1+ 37. Kh2 Qxc6 38. Rb8+ Kh7 39. Rf8 f5 40. Rf6
Qxe4 41. Qxe4 fxe4 42. Bxe6 Rb7 43. Nf5 1-0

[Event "25th North American Open"]
[Site "Las Vegas"]
[Date "2015.12.28"]
[Round "6"]
[White "Song, Michael"]
[Black "Shmelov, Denys"]
[Result "1/2-1/2"]
[WhiteElo "2340"]
[BlackElo "2420"]
[PlyCount "54"]
[EventDate "2015.12.??"]
[EventType "swiss"]
[EventRounds "9"]
[EventCountry "USA"]
[Source "MonRoi"]

1. d4 Nf6 2. c4 g6 3. Nc3 d5 4. Nf3 Bg7 5. h4 c6 6. cxd5 cxd5 7. Bf4 Nc6 8. e3
O-O 9. Ne5 Be6 10. Bb5 Nxe5 11. Bxe5 Ne4 12. Nxe4 dxe4 13. Bxg7 Kxg7 14. Be2
Rc8 15. O-O Qa5 16. Bg4 f5 17. Be2 f4 18. Bg4 Qd5 19. Bxe6 Qxe6 20. exf4 Rxf4
21. Qb3 Qd7 22. Rae1 Rcf8 23. g3 Rf3 24. Qb4 R8f4 25. Qc5 Rxh4 26. Qe5+ Kf7 27.
Rxe4 Rxe4 1/2-1/2

[Event "25th North American Open"]
[Site "Las Vegas"]
[Date "2015.12.28"]
[Round "6"]
[White "Liang, Awonder"]
[Black "Lin, Dachey"]
[Result "1/2-1/2"]
[WhiteElo "2383"]
[BlackElo "2281"]
[PlyCount "135"]
[EventDate "2015.12.??"]
[EventType "swiss"]
[EventRounds "9"]
[EventCountry "USA"]
[Source "MonRoi"]

1. e4 e6 2. d4 d5 3. Nd2 Nf6 4. e5 Nfd7 5. f4 c5 6. c3 Nc6 7. Ndf3 Qb6 8. a3 a5
9. b3 Be7 10. h4 f5 11. h5 O-O 12. Nh3 cxd4 13. cxd4 Qd8 14. Bb2 a4 15. b4 Nb6
16. Rc1 Bd7 17. Bd3 Na7 18. Qe2 Qe8 19. h6 g6 20. Nfg5 Rc8 21. Rxc8 Qxc8 22. g4
Nc4 23. gxf5 exf5 24. O-O Re8 25. Rc1 b5 26. Qg2 Be6 27. Bxc4 bxc4 28. Nf2 Qd7
29. Nd1 Nb5 30. Kh1 Bxg5 31. Qxg5 Qe7 32. Qg3 Qf8 33. Qh2 Rc8 34. Qh3 c3 35.
Nxc3 Nxd4 36. Nxa4 Ne2 37. Rxc8 Bxc8 38. Qh2 Ba6 39. Nc5 Bc4 40. Qh4 d4 41. e6
d3 42. e7 Qf7 43. Nd7 Ng3+ 44. Qxg3 Qxe7 45. Nf6+ Kf7 46. Qf2 Qe2 47. Qa7+ Qe7
48. Qf2 Qe2 49. Qxe2 dxe2 50. Bc3 e1=Q+ 51. Bxe1 Kxf6 52. Kg2 g5 53. fxg5+ Kxg5
54. Bd2+ f4 55. a4 Bb3 56. a5 Bc4 57. Kf3 Bd5+ 58. Kf2 Bc4 59. Kf3 Bd5+ 60. Ke2
Bc4+ 61. Kd1 Kf5 62. Kc2 Ke4 63. Kc3 Kd5 64. Bxf4 Bb5 65. Bc7 Kc6 66. Bb6 Kb7
67. Kd4 Ka6 68. Bc5 1/2-1/2

[Event "25th North American Open"]
[Site "Las Vegas"]
[Date "2015.12.28"]
[Round "6"]
[White "Wheeler, Cameron"]
[Black "Hilby, Craig"]
[Result "1-0"]
[WhiteElo "2369"]
[BlackElo "2354"]
[PlyCount "49"]
[EventDate "2015.12.??"]
[EventType "swiss"]
[EventRounds "9"]
[EventCountry "USA"]
[Source "MonRoi"]

1. e3 Nf6 2. Nf3 e6 3. b3 d5 4. Bb2 c5 5. d4 Nc6 6. Bd3 Bd6 7. O-O O-O 8. c4 b6
9. Nbd2 Bb7 10. Re1 cxd4 11. exd4 Rc8 12. Ne5 Ne7 13. a3 Ng6 14. Bf1 Qe7 15. g3
Rfd8 16. f4 a5 17. Bh3 Bc5 18. Nxf7 Kxf7 19. Bxe6+ Qxe6 20. Rxe6 Kxe6 21. dxc5
dxc4 22. f5+ Kxf5 23. Qe2 Rxc5 24. Rf1+ Kg5 25. Bc1 1-0

[Event "25th North American Open"]
[Site "Las Vegas"]
[Date "2015.12.28"]
[Round "6"]
[White "Viswanadha, Kesav"]
[Black "Moon, Benjamin"]
[Result "1/2-1/2"]
[WhiteElo "2366"]
[BlackElo "2164"]
[PlyCount "121"]
[EventDate "2015.12.??"]
[EventType "swiss"]
[EventRounds "9"]
[EventCountry "USA"]
[Source "MonRoi"]

1. e4 d5 2. exd5 Qxd5 3. Nc3 Qd8 4. d4 Nf6 5. Nf3 Bg4 6. h3 Bxf3 7. Qxf3 c6 8.
Be3 e6 9. O-O-O Bb4 10. Ne4 Nxe4 11. Qxe4 Qd5 12. Qxd5 cxd5 13. Bd3 Nc6 14. g4
g6 15. c3 Bd6 16. h4 h5 17. gxh5 Rxh5 18. Be2 Rh7 19. h5 gxh5 20. Rxh5 Rxh5 21.
Bxh5 Ke7 22. Bf3 Rh8 23. Rg1 b5 24. b3 Nb8 25. Kd2 Nd7 26. Be2 a6 27. Bd3 Nb6
28. Ke2 Kf8 29. Bg5 f5 30. Bd8 Nd7 31. c4 bxc4 32. bxc4 dxc4 33. Bxc4 Kf7 34.
Ba5 Rb8 35. Bb3 Bb4 36. Bc7 Rc8 37. Bf4 Nf6 38. Rg5 a5 39. Be5 Be7 40. f3 Nd5
41. Rg7+ Kf8 42. Rh7 Rd8 43. Kf2 Nf6 44. Rh1 Kf7 45. Rc1 Nd5 46. Rc6 Ra8 47.
Bxd5 exd5 48. Kg3 Rg8+ 49. Kf4 Rg6 50. Rc8 Ke6 51. Rc6+ Kf7 52. Rxg6 Kxg6 53.
Bc7 Bf6 54. Bxa5 Bxd4 55. Bd2 Kf6 56. a4 Ke6 57. a5 Ba7 58. Kg5 d4 59. f4 d3
60. a6 Bb6 61. Kg6 1/2-1/2

[Event "25th North American Open"]
[Site "Las Vegas"]
[Date "2015.12.28"]
[Round "6"]
[White "Zhu, Hong"]
[Black "Williams, Justus"]
[Result "1/2-1/2"]
[WhiteElo "2197"]
[BlackElo "2310"]
[PlyCount "41"]
[EventDate "2015.12.??"]
[EventType "swiss"]
[EventRounds "9"]
[EventCountry "USA"]
[Source "MonRoi"]

1. e4 c5 2. Ne2 e6 3. d4 cxd4 4. Nxd4 a6 5. Bd3 Nc6 6. Nxc6 dxc6 7. O-O e5 8.
Be3 Nf6 9. h3 Be6 10. Nd2 Nd7 11. Bc4 Bxc4 12. Nxc4 Qc7 13. Qg4 b5 14. Nd2 Nf6
15. Qg5 h6 16. Qf5 Bd6 17. a4 Qd7 18. Qxd7+ Nxd7 19. axb5 cxb5 20. Nb3 Ke7 21.
Rfd1 1/2-1/2

[Event "25th North American Open"]
[Site "Las Vegas"]
[Date "2015.12.28"]
[Round "6"]
[White "Ghatti, Sanjay"]
[Black "Landaw, Julian"]
[Result "0-1"]
[WhiteElo "2154"]
[BlackElo "2340"]
[PlyCount "148"]
[EventDate "2015.12.??"]
[EventType "swiss"]
[EventRounds "9"]
[EventCountry "USA"]
[Source "MonRoi"]

1. e4 e5 2. Nf3 Nc6 3. Bb5 a6 4. Ba4 Nf6 5. d3 b5 6. Bb3 Be7 7. O-O d6 8. c3
O-O 9. a4 b4 10. Nbd2 Rb8 11. Re1 Bg4 12. h3 Bh5 13. g4 Bg6 14. Nh4 Nd7 15.
Nxg6 hxg6 16. Nf3 Na5 17. Ba2 b3 18. Bb1 Nb6 19. d4 exd4 20. cxd4 Qd7 21. Bd2
Nac4 22. Qxb3 Nxd2 23. Nxd2 d5 24. Qc2 Bb4 25. b3 dxe4 26. Rxe4 f5 27. gxf5
Qxf5 28. Nc4 Qxh3 29. Ne5 Rf5 30. f3 Rg5+ 31. Rg4 Rxg4+ 32. Nxg4 Qxf3 33. Qxg6
Qg3+ 34. Kh1 Qh3+ 35. Nh2 Rf8 36. Be4 Bd6 37. Qg2 Qh4 38. Rg1 Rf7 39. Bg6 Rf3
40. Bf5 Rg3 41. Qf2 Rxg1+ 42. Qxg1 a5 43. Be6+ Kf8 44. Qf1+ Bf4 45. Qh3 Qe1+
46. Kg2 Qe2+ 47. Kh1 Qe1+ 48. Kg2 Ke7 49. Bg4 Qd2+ 50. Kh1 Qxh2+ 51. Qxh2 Bxh2
52. Kxh2 Kd6 53. Bf3 c5 54. dxc5+ Kxc5 55. Bg4 Nd5 56. Kg3 Nc3 57. Kf4 Kb4 58.
Be6 Ne2+ 59. Kg5 Nd4 60. Bf7 Nxb3 61. Kg6 Kxa4 62. Kxg7 Kb4 63. Be8 Nd4 64. Kf6
Nb5 65. Ke5 a4 66. Ke4 Nd6+ 67. Kd3 Nxe8 68. Kc2 a3 69. Kb1 Kb3 70. Ka1 Nd6 71.
Kb1 Nc4 72. Ka1 Ne3 73. Kb1 a2+ 74. Ka1 Nc2# 0-1

[Event "25th North American Open"]
[Site "Las Vegas"]
[Date "2015.12.28"]
[Round "6"]
[White "Manukyan, Lernik"]
[Black "Niemann, Hans"]
[Result "0-1"]
[WhiteElo "2272"]
[BlackElo "2154"]
[PlyCount "68"]
[EventDate "2015.12.??"]
[EventType "swiss"]
[EventRounds "9"]
[EventCountry "USA"]
[Source "MonRoi"]

1. e4 e6 2. d4 d5 3. Nc3 Nf6 4. exd5 exd5 5. Nf3 Be7 6. h3 Bf5 7. Bd3 Bxd3 8.
Qxd3 O-O 9. O-O Nc6 10. a3 h6 11. Ne5 Bd6 12. Bf4 Ne7 13. Qf3 Nf5 14. Rad1 c6
15. g4 Nh4 16. Qg3 g5 17. Bc1 Ne4 18. Nxe4 dxe4 19. Qe3 Re8 20. Qxe4 f6 21. f4
fxe5 22. fxe5 Bf8 23. c4 Qe7 24. Bd2 c5 25. Bc3 cxd4 26. Bxd4 Bg7 27. Rde1 Rad8
28. Bc3 Qc5+ 29. Kh2 Rf8 30. Kg3 Rde8 31. Qd5+ Qxd5 32. Rxf8+ Rxf8 33. cxd5
Rf3+ 34. Kh2 Rxc3 0-1

[Event "25th North American Open"]
[Site "Las Vegas"]
[Date "2015.12.28"]
[Round "6"]
[White "Inapuri, Ramya"]
[Black "Adamson, Robby"]
[Result "1/2-1/2"]
[WhiteElo "2131"]
[BlackElo "2265"]
[PlyCount "43"]
[EventDate "2015.12.??"]
[EventType "swiss"]
[EventRounds "9"]
[EventCountry "USA"]
[Source "MonRoi"]

1. d4 Nf6 2. g3 d5 3. Bg2 c6 4. Nf3 Bf5 5. O-O e6 6. b3 h6 7. Bb2 Be7 8. Nbd2
O-O 9. Re1 Nbd7 10. Ne5 a5 11. a3 Qc7 12. Nxd7 Qxd7 13. c4 Rfd8 14. Bc3 c5 15.
e3 cxd4 16. Bxd4 Bg6 17. Qc1 b5 18. cxd5 Nxd5 19. Qb2 Rac8 20. Rec1 Bf6 21. Nf3
Bxd4 22. Nxd4 1/2-1/2

[Event "25th North American Open"]
[Site "Las Vegas"]
[Date "2015.12.28"]
[Round "6"]
[White "Banik, Siddharth"]
[Black "Haessel, Dale"]
[Result "1/2-1/2"]
[WhiteElo "2078"]
[BlackElo "2262"]
[PlyCount "88"]
[EventDate "2015.12.??"]
[EventType "swiss"]
[EventRounds "9"]
[EventCountry "USA"]
[Source "MonRoi"]

1. e4 e5 2. Bc4 Nf6 3. d3 c6 4. Nf3 d5 5. Bb3 a5 6. a3 a4 7. Ba2 Bd6 8. Nc3 Be6
9. O-O O-O 10. h3 h6 11. Re1 Nbd7 12. Nh2 Re8 13. Qf3 Qa5 14. Rd1 Rad8 15. Bd2
Qa6 16. Bb1 Bf8 17. Re1 dxe4 18. dxe4 Nc5 19. Bxh6 Qb6 20. Bc1 Rd4 21. Ba2 Bxa2
22. Rxa2 Qa5 23. Re3 Red8 24. Nf1 Ne6 25. Re2 R4d7 26. Be3 Nd4 27. Bxd4 exd4
28. e5 dxc3 29. exf6 cxb2 30. Rxb2 g6 31. Rb1 Qg5 32. Re4 b5 33. h4 Qc5 34.
Rbe1 Qxa3 35. Ne3 Qb2 36. h5 Rd6 37. hxg6 fxg6 38. f7+ Kg7 39. c3 Rf6 40. Qg3
a3 41. Ng4 Rxf7 42. Qe5+ Kg8 43. Nf6+ Kg7 44. Ng4+ Kg8 1/2-1/2

[Event "25th North American Open"]
[Site "Las Vegas"]
[Date "2015.12.28"]
[Round "6"]
[White "Yim, Sung"]
[Black "Yanayt, Eugene"]
[Result "1-0"]
[WhiteElo "2063"]
[BlackElo "2213"]
[PlyCount "89"]
[EventDate "2015.12.??"]
[EventType "swiss"]
[EventRounds "9"]
[EventCountry "USA"]
[Source "MonRoi"]

1. e4 c5 2. Nc3 Nc6 3. Bb5 Nd4 4. Bc4 g6 5. Nge2 Bg7 6. Nxd4 cxd4 7. Qf3 e6 8.
Nb5 d6 9. Qa3 Ke7 10. c3 dxc3 11. dxc3 a6 12. Nd4 e5 13. Nc2 Be6 14. Bxe6 fxe6
15. Be3 Qc7 16. O-O-O Bh6 17. f4 exf4 18. Bd4 Nf6 19. e5 Ne8 20. exd6+ Nxd6 21.
Bxh8 Rxh8 22. Kb1 Rc8 23. Rd3 Qc5 24. Qxc5 Rxc5 25. Rhd1 Rc6 26. c4 Bg7 27. c5
Ne4 28. Rd7+ Kf6 29. Nd4 Rxc5 30. Nxe6 Kxe6 31. Rxg7 Rh5 32. h3 Rg5 33. Rdd7
Nf6 34. Rd2 b6 35. Rb7 Rb5 36. Rd4 Ke5 37. Rc4 h5 38. Rc6 Ne4 39. Rxg6 Rc5 40.
a3 b5 41. Rxa6 Nd2+ 42. Ka2 Nc4 43. a4 bxa4 44. Rxa4 Ne3 45. g3 1-0

[Event "25th North American Open"]
[Site "Las Vegas"]
[Date "2015.12.29"]
[Round "7"]
[White "Dreev, Alexey"]
[Black "Barbosa, Oliver"]
[Result "1-0"]
[WhiteElo "2644"]
[BlackElo "2518"]
[PlyCount "91"]
[EventDate "2015.12.??"]
[EventType "swiss"]
[EventRounds "9"]
[EventCountry "USA"]
[Source "MonRoi"]

1. d4 d5 2. c4 c6 3. Nf3 Nf6 4. e3 Bg4 5. Nc3 e6 6. Qb3 Qb6 7. Nh4 Bh5 8. h3 g5
9. Nf3 h6 10. c5 Qc7 11. Bd3 Rg8 12. Qc2 Nbd7 13. b4 a6 14. Bb2 Bg6 15. Bxg6
Rxg6 16. Ng1 h5 17. Nge2 Bh6 18. Qd3 Qd8 19. Kd1 Ke7 20. Kc2 Qh8 21. f3 Rgg8
22. e4 Rgc8 23. g4 b6 24. e5 Ne8 25. h4 gxh4 26. Rxh4 a5 27. Rxh5 Qf8 28. a3
axb4 29. axb4 Rxa1 30. Bxa1 Nc7 31. Bb2 Ra8 32. f4 Na6 33. Ba3 Nc7 34. Qh3 Bg7
35. Bc1 Na6 36. f5 Nxb4+ 37. Kd1 Ra1 38. f6+ Nxf6 39. exf6+ Bxf6 40. cxb6 Qg8
41. b7 Qg6 42. b8=Q Rxc1+ 43. Nxc1 Qc2+ 44. Ke1 Qxc1+ 45. Ke2 Qc2+ 46. Kf1 1-0

[Event "25th North American Open"]
[Site "Las Vegas"]
[Date "2015.12.29"]
[Round "7"]
[White "Colas, Joshua"]
[Black "Jinshi, Bai"]
[Result "1-0"]
[WhiteElo "2245"]
[BlackElo "2502"]
[PlyCount "135"]
[EventDate "2015.12.??"]
[EventType "swiss"]
[EventRounds "9"]
[EventCountry "USA"]
[Source "MonRoi"]

1. d4 Nf6 2. c4 g6 3. Nc3 d5 4. Nf3 Bg7 5. Bg5 dxc4 6. e4 c5 7. d5 b5 8. e5 b4
9. exf6 exf6 10. Qe2+ Kf8 11. Be3 bxc3 12. Bxc5+ Kg8 13. bxc3 Bb7 14. Qe7 Qc8
15. Bxc4 Ba6 16. Bxa6 Nxa6 17. Bd4 Qc4 18. Qe2 Qxe2+ 19. Kxe2 f5 20. Kd3 Rc8
21. Rab1 Bxd4 22. Kxd4 Nc5 23. c4 Kg7 24. Rhe1 Rc7 25. Ne5 Rd8 26. Rb5 Ne6+ 27.
Ke3 f4+ 28. Ke4 Nc5+ 29. Kd4 Nb7 30. Reb1 Nd6 31. Rb8 Nf5+ 32. Kd3 Rd6 33. R1b7
Rxb7 34. Rxb7 Ra6 35. c5 Ra3+ 36. Kc4 Rxa2 37. d6 Rc2+ 38. Kd5 Rd2+ 39. Kc6
Nd4+ 40. Kd7 Ne6 41. c6 Nc5+ 42. Ke7 Nxb7 43. d7 Rb2 44. cxb7 Rxb7 45. Kd6 Rb1
46. Kc7 Rd1 47. Nc6 f3 48. gxf3 Kf6 49. d8=Q+ Rxd8 50. Kxd8 Kf5 51. Ke7 Kf4 52.
Nd4 f5 53. Kf6 a5 54. Kg7 h5 55. Kxg6 h4 56. Kh5 h3 57. Kh4 a4 58. Kxh3 a3 59.
Kg2 a2 60. Nc2 Kg5 61. f4+ Kxf4 62. h3 Kg5 63. Kg3 Kh5 64. h4 Kh6 65. Kf4 Kg6
66. f3 Kf6 67. h5 Ke6 68. Kg5 1-0

[Event "25th North American Open"]
[Site "Las Vegas"]
[Date "2015.12.29"]
[Round "7"]
[White "Li, Ruifeng"]
[Black "Bodek, Michael"]
[Result "1-0"]
[WhiteElo "2460"]
[BlackElo "2410"]
[PlyCount "89"]
[EventDate "2015.12.??"]
[EventType "swiss"]
[EventRounds "9"]
[EventCountry "USA"]
[Source "MonRoi"]

1. e4 c5 2. Nf3 d6 3. d4 cxd4 4. Nxd4 Nf6 5. Nc3 g6 6. Be3 Bg7 7. Be2 Nc6 8.
Qd2 Ng4 9. Bxg4 Bxg4 10. Nd5 Rc8 11. O-O O-O 12. c4 Re8 13. Rac1 Nxd4 14. Bxd4
Be2 15. Bxg7 Bxf1 16. Qh6 Bxc4 17. Rc3 f6 18. Bh8 Kf7 19. Qxh7+ Ke6 20. Nf4+
Kd7 21. Bxf6 Rc6 22. Nxg6 Bxa2 23. h4 Rxc3 24. Bxc3 Rg8 25. h5 Qe8 26. Bf6 Ke6
27. Bxe7 Rxg6 28. hxg6 Qxe7 29. Qg8+ Kf6 30. Qxa2 Kxg6 31. Qd5 Qc7 32. Kh2 Qb6
33. f4 Qxb2 34. Qxd6+ Qf6 35. f5+ Kg7 36. Qc7+ Kh6 37. Kh3 b5 38. g4 Qa1 39.
Qd6+ Kg5 40. Qd2+ Kf6 41. Qh6+ Kf7 42. Qg6+ Kf8 43. Qd6+ Kg7 44. Kh4 a5 45.
Qe7+ 1-0

[Event "25th North American Open"]
[Site "Las Vegas"]
[Date "2015.12.29"]
[Round "7"]
[White "Wheeler, Cameron"]
[Black "Yang, Darwin"]
[Result "1-0"]
[WhiteElo "2369"]
[BlackElo "2473"]
[PlyCount "51"]
[EventDate "2015.12.??"]
[EventType "swiss"]
[EventRounds "9"]
[EventCountry "USA"]
[Source "MonRoi"]

1. d4 Nf6 2. c4 e6 3. g3 d5 4. Nf3 dxc4 5. Bg2 Bb4+ 6. Bd2 a5 7. Na3 Bxa3 8.
bxa3 a4 9. O-O b5 10. Qb1 c6 11. Ne5 Nd5 12. e4 Nf6 13. Qb2 O-O 14. f4 Qc7 15.
g4 Rd8 16. g5 Ne8 17. f5 exf5 18. exf5 f6 19. Ng4 Nd7 20. Rae1 fxg5 21. Re7 Qd6
22. Bb4 c5 23. Re6 Qf8 24. dxc5 Rb8 25. c6 Nc5 26. Qe5 1-0

[Event "25th North American Open"]
[Site "Las Vegas"]
[Date "2015.12.29"]
[Round "7"]
[White "Kavutskiy, Konstantin"]
[Black "Tang, Andrew"]
[Result "1/2-1/2"]
[WhiteElo "2360"]
[BlackElo "2416"]
[PlyCount "45"]
[EventDate "2015.12.??"]
[EventType "swiss"]
[EventRounds "9"]
[EventCountry "USA"]
[Source "MonRoi"]

1. d4 d5 2. Bf4 Nf6 3. e3 e6 4. Nd2 c5 5. c3 Nc6 6. Ngf3 Bd6 7. Bg3 O-O 8. Bd3
b6 9. O-O Bb7 10. Qe2 Bxg3 11. hxg3 Qd6 12. Rad1 Rad8 13. e4 dxe4 14. Nxe4 Nxe4
15. Bxe4 cxd4 16. Nxd4 Nxd4 17. Rxd4 Qe7 18. Rfd1 Rxd4 19. Rxd4 Bxe4 20. Qxe4
Rd8 21. Rxd8+ Qxd8 22. Qb7 Qd1+ 23. Kh2 1/2-1/2

[Event "25th North American Open"]
[Site "Las Vegas"]
[Date "2015.12.29"]
[Round "7"]
[White "Vibbert, Sean"]
[Black "Bryant, John"]
[Result "1/2-1/2"]
[WhiteElo "2313"]
[BlackElo "2409"]
[PlyCount "65"]
[EventDate "2015.12.??"]
[EventType "swiss"]
[EventRounds "9"]
[EventCountry "USA"]
[Source "MonRoi"]

1. e4 e5 2. Nf3 Nc6 3. Bb5 Nf6 4. O-O d6 5. Re1 Be7 6. d4 exd4 7. Nxd4 Bd7 8.
Bxc6 bxc6 9. c4 O-O 10. h3 c5 11. Nf3 Be6 12. Qc2 Nd7 13. b3 f6 14. Nc3 Ne5 15.
Nh4 Qd7 16. f4 Nc6 17. f5 Bf7 18. Nf3 Kh8 19. Nd5 Bd8 20. Bb2 a5 21. a4 Nb8 22.
Rad1 Qe8 23. Qc3 Nd7 24. Ng5 Bg8 25. Nf4 Ne5 26. Nge6 Rf7 27. Qg3 Rd7 28. h4
Rb8 29. Ba1 Bxe6 30. Nxe6 Re7 31. Bxe5 fxe5 32. Rd3 Rf7 33. Nxd8 1/2-1/2

[Event "25th North American Open"]
[Site "Las Vegas"]
[Date "2015.12.29"]
[Round "7"]
[White "Zhai, Mo"]
[Black "Rowe, Duane"]
[Result "1-0"]
[WhiteElo "2391"]
[BlackElo "2196"]
[PlyCount "89"]
[EventDate "2015.12.??"]
[EventType "swiss"]
[EventRounds "9"]
[EventCountry "USA"]
[Source "MonRoi"]

1. d4 Nf6 2. c4 c5 3. d5 e6 4. Nc3 exd5 5. cxd5 d6 6. Nf3 g6 7. Bf4 a6 8. a4
Bg7 9. h3 Nbd7 10. Nd2 Ne5 11. e3 Qe7 12. Be2 O-O 13. O-O Ne8 14. Qc2 f5 15.
Bg3 Rb8 16. Rab1 g5 17. f4 Ng6 18. Nc4 Bd7 19. a5 Bb5 20. Rbe1 Bxc4 21. Bxc4 b5
22. axb6 Rxb6 23. Na4 Rb4 24. b3 Kh8 25. Re2 Nf6 26. Be1 Ne4 27. Bd3 Rfb8 28.
Bxb4 Rxb4 29. fxg5 Qxg5 30. Bxe4 Rxe4 31. g4 Rxe3 32. Rxf5 Bd4 33. Kf1 Qe7 34.
Nb6 Nh4 35. Nc8 Nxf5 36. Qxf5 Qg7 37. Rxe3 Bxe3 38. Nxd6 h6 39. Qc8+ Kh7 40.
Qb7 Bf4 41. Qxg7+ Kxg7 42. Nb7 Kf7 43. Nxc5 Ke7 44. Ne4 Kd7 45. Ke2 1-0

[Event "25th North American Open"]
[Site "Las Vegas"]
[Date "2015.12.29"]
[Round "7"]
[White "Sevillano, Enrico"]
[Black "Viswanadha, Kesav"]
[Result "1-0"]
[WhiteElo "2470"]
[BlackElo "2366"]
[PlyCount "137"]
[EventDate "2015.12.??"]
[EventType "swiss"]
[EventRounds "9"]
[EventCountry "USA"]
[Source "MonRoi"]

1. e4 e5 2. Nf3 Nc6 3. Bb5 a6 4. Ba4 Nf6 5. O-O Be7 6. Qe2 b5 7. Bb3 d6 8. c3
O-O 9. d3 Na5 10. Bc2 c5 11. Rd1 Nc6 12. a3 h6 13. h3 Re8 14. Nbd2 Bf8 15. Nf1
d5 16. Ng3 d4 17. Bb3 Be6 18. Bxe6 Rxe6 19. cxd4 exd4 20. Qc2 Qb6 21. Bd2 Nd7
22. b3 Rc8 23. Rdc1 Ne7 24. Qd1 Rec6 25. Qf1 g6 26. Kh1 Bg7 27. Rab1 Qc7 28.
Rc2 Kh7 29. Rbc1 Nf8 30. a4 Ne6 31. axb5 axb5 32. Ra2 c4 33. bxc4 bxc4 34. dxc4
Rxc4 35. Rca1 Qd7 36. Ra5 R4c5 37. R5a3 Nc6 38. Rb1 Rb8 39. Rxb8 Nxb8 40. Ne1
Qb5 41. Nd3 Rc2 42. Qd1 Bf8 43. Qxc2 Bxa3 44. f4 Nc5 45. Nxc5 Bxc5 46. Qa2 Qd7
47. Qc4 Bf8 48. e5 Nc6 49. Ne4 Qe6 50. Qxe6 fxe6 51. Kg1 Kg7 52. Kf2 Kf7 53.
Ke2 h5 54. Kd3 Ba3 55. Ng5+ Ke7 56. Nf3 Kd7 57. Be1 Bc1 58. Ke4 d3 59. Bd2 Bxd2
60. Nxd2 Nb4 61. h4 Ke7 62. g3 Kd7 63. Kd4 Nd5 64. Kxd3 Ne7 65. Kc4 Nf5 66. Ne4
Ne3+ 67. Kd3 Nf5 68. Ke2 Nd4+ 69. Ke3 1-0

[Event "25th North American Open"]
[Site "Las Vegas"]
[Date "2015.12.29"]
[Round "7"]
[White "Ludwig, John"]
[Black "Kiewra, Keaton"]
[Result "0-1"]
[WhiteElo "2287"]
[BlackElo "2444"]
[PlyCount "112"]
[EventDate "2015.12.??"]
[EventType "swiss"]
[EventRounds "9"]
[EventCountry "USA"]
[Source "MonRoi"]

1. e4 c5 2. c3 Nf6 3. e5 Nd5 4. Nf3 Nc6 5. Bc4 Nb6 6. Bb3 c4 7. Bc2 d5 8. exd6
Bg4 9. d4 cxd3 10. Qxd3 e6 11. O-O Qxd6 12. Qe2 Qc7 13. Nbd2 Nd4 14. cxd4 Qxc2
15. Qb5+ Qc6 16. Qxc6+ bxc6 17. Ne5 Be2 18. Re1 Bb5 19. b3 c5 20. dxc5 Bxc5 21.
a4 Ba6 22. Ne4 Bb4 23. Bd2 Bxd2 24. Nxd2 Nd5 25. Ne4 O-O 26. Rac1 Nf4 27. Rc7
Nd3 28. Nxd3 Bxd3 29. Nc5 Bf5 30. b4 Rfc8 31. Rxc8+ Rxc8 32. Rc1 e5 33. f3 h5
34. a5 Kf8 35. Kf2 Ke7 36. Ke3 g5 37. Rc3 f6 38. Ne4 Rb8 39. Rc7+ Kd8 40. Rxa7
Rxb4 41. Nxf6 Rb3+ 42. Kd2 Rb2+ 43. Kc3 Rxg2 44. Rg7 Bc8 45. h4 Rg3 46. hxg5 h4
47. Nd5 Be6 48. Nb6 Rxf3+ 49. Kb4 Rf7 50. Rxf7 Bxf7 51. a6 Bg6 52. Kc5 Be4 53.
Nd5 Kc8 54. g6 Bxg6 55. Kb6 Be4 56. Ne7+ Kd7 0-1

[Event "25th North American Open"]
[Site "Las Vegas"]
[Date "2015.12.29"]
[Round "7"]
[White "Shmelov, Denys"]
[Black "Furfine, Jacob"]
[Result "1/2-1/2"]
[WhiteElo "2420"]
[BlackElo "2141"]
[PlyCount "91"]
[EventDate "2015.12.??"]
[EventType "swiss"]
[EventRounds "9"]
[EventCountry "USA"]
[Source "MonRoi"]

1. d4 Nf6 2. c4 e6 3. Nc3 Bb4 4. Qc2 O-O 5. e4 d6 6. a3 Bxc3+ 7. bxc3 e5 8. Bd3
c5 9. d5 Nbd7 10. Ne2 Re8 11. f3 Nf8 12. O-O Ng6 13. Be3 Nh5 14. g3 Rf8 15. Kh1
Bd7 16. Rf2 Rb8 17. a4 a6 18. Rff1 b6 19. Qd2 Qc7 20. g4 Nf6 21. Ng3 Rfc8 22.
Nf5 b5 23. axb5 axb5 24. cxb5 Bxb5 25. Bxb5 Rxb5 26. Ra6 Rb6 27. Rxb6 Qxb6 28.
h4 Qd8 29. h5 Ne7 30. h6 Nxf5 31. gxf5 Nh5 32. Qh2 g6 33. Rg1 Kh8 34. Bg5 f6
35. Be3 Qe8 36. Rb1 Qf7 37. fxg6 hxg6 38. Rb6 Rd8 39. Qb2 Rd7 40. Rxd6 Rxd6 41.
Qb8+ Kh7 42. Qxd6 Qb7 43. Qxc5 Qb1+ 44. Kh2 Qf1 45. Qa7+ Kh8 46. Qb8+ 1/2-1/2

[Event "25th North American Open"]
[Site "Las Vegas"]
[Date "2015.12.29"]
[Round "7"]
[White "Lin, Dachey"]
[Black "Meinhardt, Maximilian"]
[Result "1/2-1/2"]
[WhiteElo "2281"]
[BlackElo "2393"]
[PlyCount "141"]
[EventDate "2015.12.??"]
[EventType "swiss"]
[EventRounds "9"]
[EventCountry "USA"]
[Source "MonRoi"]

1. d4 e6 2. c4 d5 3. cxd5 exd5 4. Nc3 c5 5. dxc5 d4 6. Na4 Nc6 7. a3 b5 8. cxb6
axb6 9. e3 Ra5 10. exd4 b5 11. Nc5 b4 12. Be3 Nf6 13. a4 Bg4 14. Be2 Qc8 15.
Nb3 Rd5 16. Nf3 Bd6 17. h3 Bd7 18. Bc4 O-O 19. Ne5 Nxe5 20. Bxd5 Nxd5 21. dxe5
Nxe3 22. fxe3 Bxe5 23. O-O Bxb2 24. Rb1 Bc3 25. Nd4 Qe8 26. Nb5 Qxe3+ 27. Kh1
Bc6 28. Qg4 h5 29. Qxh5 Qg3 30. Rf3 Bxf3 31. Qxf3 Qxf3 32. gxf3 Ra8 33. Nxc3
bxc3 34. Rc1 Rxa4 35. Rxc3 Ra2 36. Kg1 g6 37. f4 Kg7 38. f5 g5 39. h4 gxh4 40.
Rc4 h3 41. Rc6 Rg2+ 42. Kh1 Rg5 43. Kh2 Rh5 44. Rb6 Rh6 45. Rb7 Kf6 46. Ra7 Rh7
47. Ra5 Kg5 48. Rb5 f6 49. Ra5 Kg4 50. Rb5 Rh5 51. Rb4+ Kg5 52. Rb5 Rh4 53. Ra5
Rf4 54. Kxh3 Rxf5 55. Ra4 Rf4 56. Ra5+ f5 57. Kg3 Rb4 58. Ra3 Rg4+ 59. Kf3 Rh4
60. Kg3 f4+ 61. Kg2 Kg4 62. Ra8 f3+ 63. Kf2 Rh2+ 64. Kf1 Rd2 65. Rg8+ Kf4 66.
Rf8+ Ke3 67. Re8+ Kd3 68. Rd8+ Ke3 69. Rxd2 Kxd2 70. Kf2 Kd3 71. Kxf3 1/2-1/2

[Event "25th North American Open"]
[Site "Las Vegas"]
[Date "2015.12.29"]
[Round "7"]
[White "Aldama, Dionisio"]
[Black "Song, Michael"]
[Result "0-1"]
[WhiteElo "2388"]
[BlackElo "2340"]
[PlyCount "108"]
[EventDate "2015.12.??"]
[EventType "swiss"]
[EventRounds "9"]
[EventCountry "USA"]
[Source "MonRoi"]

1. e4 e5 2. Nf3 Nc6 3. Bb5 Nf6 4. d3 Bc5 5. c3 O-O 6. O-O d6 7. h3 Ne7 8. Be3
Bxe3 9. fxe3 c6 10. Ba4 Qb6 11. Qd2 Ng6 12. Na3 Qc7 13. Rf2 b5 14. Bc2 a5 15.
Raf1 h6 16. Bb1 Rb8 17. Nc2 c5 18. Nce1 c4 19. d4 Qb7 20. d5 b4 21. g4 bxc3 22.
Qxc3 Qb4 23. Qxb4 Rxb4 24. a3 Rb6 25. g5 hxg5 26. Nxg5 Ba6 27. Rc2 Rfb8 28. Ba2
Rxb2 29. Rff2 c3 30. Rxc3 Rxf2 31. Kxf2 Rb2+ 32. Rc2 Rxc2+ 33. Nxc2 Bd3 34. Ne1
Bxe4 35. Nxe4 Nxe4+ 36. Kf3 Nc3 37. Bb3 e4+ 38. Kg3 Ne5 39. Ng2 a4 40. Bc2 Nc4
41. Kf4 Nxa3 42. Bxe4 Nc4 43. Ne1 Nd2 44. Bg2 a3 45. Nc2 a2 46. e4 f6 47. Na1
Nd1 48. h4 Kh7 49. Bh3 Kh6 50. Kf5 Ne3+ 51. Ke6 Nxe4 52. Bf5 Nxf5 53. Kxf5 Nc5
54. Kg4 g5 0-1